Inštitút dovolenky

Dovolenka a jej druhy. Nárok na dovolenku za kalendárny rok. Výmera dovolenky. Dovolenka v prípade nerovnomerne rozvrhnutého pracovného času. Čerpanie dovolenky. Krátenie dovolenky. Náhrada mzdy za dovolenku. Osobitná úprava dovolenky v zmysle vybraných právnych predpisov.

Guardado en:
Detalles Bibliográficos
Autor principal: Matlovičová, Iveta
Formato: Capítulo de libro
Lenguaje:eslovaco
Materias:
Etiquetas: Agregar Etiqueta
Sin Etiquetas, Sea el primero en etiquetar este registro!

MARC

LEADER 00000naa$a2200000$$$4500
001 0116056
005 20231109100737.5
041 0 |a slo 
044 |a SK 
245 1 0 |a Inštitút dovolenky  |c Iveta Matlovičová 
520 |a Dovolenka a jej druhy. Nárok na dovolenku za kalendárny rok. Výmera dovolenky. Dovolenka v prípade nerovnomerne rozvrhnutého pracovného času. Čerpanie dovolenky. Krátenie dovolenky. Náhrada mzdy za dovolenku. Osobitná úprava dovolenky v zmysle vybraných právnych predpisov. 
610 2 0 |a dovolenka 
610 2 0 |a práca 
610 2 0 |a zamestnanci 
610 2 0 |a zamestnávatelia 
610 2 0 |a náhrada mzdy 
610 2 0 |a legislatíva 
100 1 |a Matlovičová, Iveta